00505nam a2200157Ia 450000500170000000800410001704100080005808200160006610000200008224500380010226000250014030000090016565000220017499900190019695201320021520250729165723.0250729s2012 xx 000 0 und d aeng a370.25 PEAT aPearson9231355 aTeacher in Emerging Indian Socity aDelhibPearsonc2012 a320p aEducation9231356 c239240d239240 00104070aALbALd2025-07-29eManagement Booksg215.00l0o370.25 PEATpBED04559r2025-07-29 16:57:23v215.00w2025-07-29yBK